A step further / (Record no. 2628)
[ view plain ]
| 000 -LEADER | |
|---|---|
| fixed length control field | 00988cam a2200313 a 4500 |
| 001 - CONTROL NUMBER | |
| control field | 43892 |
| 003 - CONTROL NUMBER IDENTIFIER | |
| control field | GBCCL |
| 005 - DATE AND TIME OF LATEST TRANSACTION | |
| control field | 20241126110433.0 |
| 008 - FIXED-LENGTH DATA ELEMENTS--GENERAL INFORMATION | |
| fixed length control field | 780825s1978 miuacf b 00010aeng |
| 010 ## - | |
| -- | 78012084 //r86 |
| 020 ## - INTERNATIONAL STANDARD BOOK NUMBER | |
| International Standard Book Number | 0310239702 |
| 035 ## - SYSTEM CONTROL NUMBER | |
| System control number | OCM04211181 |
| 040 ## - CATALOGING SOURCE | |
| Original cataloging agency | DLC |
| Transcribing agency | DLC |
| Modifying agency | m.c. |
| -- | m/c |
| -- | LBB |
| 049 ## - | |
| -- | LBBK |
| -- | LBBA |
| 050 0# - | |
| -- | RC406.T4 |
| -- | E19 |
| 082 0# - DEWEY DECIMAL CLASSIFICATION NUMBER | |
| Classification number | 362.43092 |
| -- | B |
| Item number | EAR |
| 092 ## - LOCALLY ASSIGNED DEWEY CALL NUMBER (OCLC) | |
| Classification number | 362.43 |
| Item number | T121a |
| 100 1# - MAIN ENTRY--PERSONAL NAME | |
| Personal name | Eareckson, Joni |
| 9 (RLIN) | 5549 |
| 245 12 - TITLE STATEMENT | |
| Title | A step further / |
| Statement of responsibility, etc. | Joni Eareckson & Steve Estes ; illustrated by Joni. |
| 260 ## - PUBLICATION, DISTRIBUTION, ETC. | |
| Place of publication, distribution, etc. | Grand Rapids, Mich. : |
| Name of publisher, distributor, etc. | Zondervan Pub. House, |
| Date of publication, distribution, etc. | c1978. |
| 300 ## - PHYSICAL DESCRIPTION | |
| Extent | 192 p., [16] p. of plates : |
| Other physical details | ill., ports. ; |
| Dimensions | 23 cm. |
| 504 ## - BIBLIOGRAPHY, ETC. NOTE | |
| Bibliography, etc. note | Bibliography: p. 191-192. |
| 504 ## - BIBLIOGRAPHY, ETC. NOTE | |
| Bibliography, etc. note | Includes bibliographical references. |
| 600 10 - SUBJECT ADDED ENTRY--PERSONAL NAME | |
| Personal name | Tada, Joni Eareckson. |
| 9 (RLIN) | 5550 |
| 650 #0 - SUBJECT ADDED ENTRY--TOPICAL TERM | |
| Topical term or geographic name entry element | Quadriplegics |
| General subdivision | Biography. |
| 9 (RLIN) | 5551 |
| 650 #0 - SUBJECT ADDED ENTRY--TOPICAL TERM | |
| Topical term or geographic name entry element | Christian biography |
| Geographic subdivision | United States. |
| 9 (RLIN) | 318 |
| 700 1# - ADDED ENTRY--PERSONAL NAME | |
| Personal name | Estes, Steve. |
| 9 (RLIN) | 5552 |
| 942 ## - ADDED ENTRY ELEMENTS (KOHA) | |
| Source of classification or shelving scheme | Dewey Decimal Classification |
| Koha item type | Books |
| Withdrawn status | Lost status | Source of classification or shelving scheme | Damaged status | Not for loan | Home library | Current Library | Shelving location | Date acquired | Total checkouts | Full call number | Barcode | Date last seen | Copy number | Price effective from | Koha item type |
|---|---|---|---|---|---|---|---|---|---|---|---|---|---|---|---|
| Dewey Decimal Classification | GRACE BIBLE COLLEGE | GRACE BIBLE COLLEGE | General Studies | 2017-09-06 | 362.43092 EAR | 008503 | 2025-05-01 | c.3 | 2017-09-06 | Books | |||||
| Dewey Decimal Classification | GRACE BIBLE COLLEGE | GRACE BIBLE COLLEGE | General Studies | 2017-11-14 | 362.43092 EAR | 008502 | 2025-05-01 | c.2 | 2017-11-14 | Books | |||||
| Dewey Decimal Classification | GRACE BIBLE COLLEGE | GRACE BIBLE COLLEGE | General Studies | 2022-02-14 | 362.43092 EAR | 005396 | 2025-05-01 | c.1 | 2022-02-14 | Books |